000 00620nam a22001937a 4500
999 _c7622
_d7622
003 OSt
005 20220119124844.0
008 220119b ||||| |||| 00| 0 eng d
020 _a070162212
040 _cDDC
082 _a530.4 DEB 1971
100 _aDeboo j.Gordon;Burrous N.Clifford;
_915582
245 _aIntergrated circuits and semiconductor Devices.
_bTheory and application
_cDeboo j.Gordon;Burrous N.Clifford;
260 _aUnited states of America,
_bMc-Graw-Hill,
_c1971.
300 _avii,655p;
_bill;
_c24cm;
504 _aAppendix and Index are included;
650 _aPhysics
_9809
942 _2ddc
_cO_SHELF